000 00413 a2200169 4500
001 191411
020 _a978-85-7153-231-1
040 _cMagnum
100 _aBerutti, Flávio
240 1 0 _a1888: O negro torna-se igual na lei, mas...
_lpor
245 1 0 _a1888: O negro torna-se igual na lei, mas...
300 _a48
362 0 _a2009
440 1 _aRHJ
697 _aLITERATURA INFANTO-JUVENIL
942 _cBK
999 _c191411
_d191411